UM Logo

Occupational stress, motivational factors and work performance of non-commissioned police personnel/ (Record no. 11543)

MARC details
000 -LEADER
fixed length control field 00560nam a22001337a 4500
008 - FIXED-LENGTH DATA ELEMENTS--GENERAL INFORMATION
fixed length control field 181211b ||||| |||| 00| 0 eng d
082 ## - DEWEY DECIMAL CLASSIFICATION NUMBER
Edition number 2018
Classification number UT 1074
Item number T1567
100 ## - MAIN ENTRY--PERSONAL NAME
9 (RLIN) 33103
Personal name Tangue, Al Christian A.
245 ## - TITLE STATEMENT
Title Occupational stress, motivational factors and work performance of non-commissioned police personnel/
Statement of responsibility, etc. Al Christian A. Tangue, Grace P. Legaspi, Jeffre L. Albios
260 ## - PUBLICATION, DISTRIBUTION, ETC. (IMPRINT)
Place of publication, distribution, etc. Digos City:
Name of publisher, distributor, etc. UMDC
Date of publication, distribution, etc. March 2018
300 ## - PHYSICAL DESCRIPTION
Extent 67 pages;
Other physical details 29 cm.
650 ## - SUBJECT ADDED ENTRY--TOPICAL TERM
Topical term or geographic name as entry element Criminal Justice Education
Form subdivision Criminology
General subdivision Undergraduate Thesis.
9 (RLIN) 33107
942 ## - ADDED ENTRY ELEMENTS (KOHA)
Source of classification or shelving scheme Dewey Decimal Classification
Koha item type Undergraduate Thesis
Holdings
Withdrawn status Lost status Source of classification or shelving scheme Damaged status Not for loan Home library Current library Date acquired Total Checkouts Full call number Barcode Date last seen Price effective from Koha item type
    Dewey Decimal Classification     UM Digos College - LIC UM Digos College - LIC 12/06/2018   UT 1074 T15 2018 1074 05/15/2025 12/11/2018 Undergraduate Thesis